<?xml version="1.0" encoding="UTF-8"?>
<record
    xmlns:xsi="http://www.w3.org/2001/XMLSchema-instance"
    xsi:schemaLocation="http://www.loc.gov/MARC21/slim http://www.loc.gov/standards/marcxml/schema/MARC21slim.xsd"
    xmlns="http://www.loc.gov/MARC21/slim">

  <leader>00421aam a22001811a 4500</leader>
  <controlfield tag="001">YPZ16172</controlfield>
  <controlfield tag="003">YPZ</controlfield>
  <controlfield tag="005">20190403132742.0</controlfield>
  <controlfield tag="008">061011|###########||||||b||||||||||spa|d</controlfield>
  <datafield tag="020" ind1=" " ind2=" ">
    <subfield code="a">8478400826</subfield>
  </datafield>
  <datafield tag="040" ind1=" " ind2=" ">
    <subfield code="c">SIUNPA</subfield>
  </datafield>
  <datafield tag="044" ind1=" " ind2=" ">
    <subfield code="a">ES</subfield>
  </datafield>
  <datafield tag="080" ind1=" " ind2=" ">
    <subfield code="a">622 MIN</subfield>
  </datafield>
  <datafield tag="100" ind1=" " ind2=" ">
    <subfield code="a">Ministerio de Industria, Comercio y Turismo.</subfield>
  </datafield>
  <datafield tag="245" ind1=" " ind2=" ">
    <subfield code="a">Miner&#xED;a qu&#xED;mica</subfield>
  </datafield>
  <datafield tag="260" ind1=" " ind2=" ">
    <subfield code="a">Madrid</subfield>
    <subfield code="b"> : ITG</subfield>
    <subfield code="c"> , 1998</subfield>
  </datafield>
  <datafield tag="942" ind1=" " ind2=" ">
    <subfield code="c">BK</subfield>
  </datafield>
  <datafield tag="999" ind1=" " ind2=" ">
    <subfield code="c">15249</subfield>
    <subfield code="d">15249</subfield>
  </datafield>
  <datafield tag="952" ind1=" " ind2=" ">
    <subfield code="0">0</subfield>
    <subfield code="1">0</subfield>
    <subfield code="4">0</subfield>
    <subfield code="7">0</subfield>
    <subfield code="8">CG</subfield>
    <subfield code="a">BIB_RECT</subfield>
    <subfield code="b">BIB_UASJ</subfield>
    <subfield code="d">2006-10-12</subfield>
    <subfield code="i">04-01066</subfield>
    <subfield code="o">622 MIN</subfield>
    <subfield code="p">04-01066</subfield>
    <subfield code="r">2019-04-03</subfield>
    <subfield code="w">2019-04-03</subfield>
    <subfield code="y">BK</subfield>
  </datafield>
</record>
